Final Fantasy Final Bosses Quiz Stats

 Plays Quiz not verified by Sporcle

Challenge
Share
Tweet
Embed
Score 0/12 Timer 08:00
0 Plays Today
Game Final Boss % Correct
Final Fantasy VIKefka
82.6%
Final Fantasy IChaos
75.8%
Final Fantasy VIIIUltimecia
75%
Final Fantasy XYu Yevon
72.7%
Final Fantasy IVZeromus
63.6%
Final Fantasy VIISafer Sephiroth
63.3%
Final Fantasy IIEmperor
63.1%
Final Fantasy IXNecron
60.9%
Final Fantasy IIICloud of Darkness
60.4%
Final Fantasy VNeo Exdeath
51.9%
Final Fantasy XIIThe Undying
35.4%
Final Fantasy XI Shadow Lord
18.3%

You're not logged in!

Compare scores with friends on all Sporcle quizzes.
Join for Free
OR
Log In

You Might Also Like...

Show Comments

Extras

Top Quizzes Today


Score Distribution

Your Account Isn't Verified!

In order to create a playlist on Sporcle, you need to verify the email address you used during registration. Go to your Sporcle Settings to finish the process.

Report this User

Report this user for behavior that violates our Community Guidelines.

Details: